000 00495nam a2200181Ia 4500
005 20250326125526.0
008 250326s9999 xx 000 0 und d
037 _aTextbook
040 _aFMSL
_beng
_cFMSL
041 _aeng
_2eng
084 _aD658(B) K81
_qFMSL
100 _aBPC
_9739219
245 0 _aCritical path analysis
_cBPC
260 _aLondon
_bLondon, British Productivity Council
_c1968
300 _a52p
942 _cTB
_hD658(B) K81
999 _c1278428
_d1278428